000 004000000a22001810004500
003 MACL
005 20150729170544.0
008 150729b xxu||||| |||| 00| 0 eng d
040 _aMACL
_cMACL
041 _aEnglish
082 _a340/BAT
100 _aBatra, T S
_93249
245 _aAdministrative Law
260 _bBookhive
_c1982
350 _a75
650 _aLaw
_93344
942 _cBK
_k340
_2ddc
999 _c6137
_d6137